Open Channel Flow (Record no. 4973)

MARC details
000 -LEADER
fixed length control field 00389nam a22001697a 4500
005 - DATE AND TIME OF LATEST TRANSACTION
control field 20160630155908.0
008 - FIXED-LENGTH DATA ELEMENTS--GENERAL INFORMATION
fixed length control field 160630b xxu||||| |||| 00| 0 eng d
020 ## - INTERNATIONAL STANDARD BOOK NUMBER
ISBN 978-81-203-3522-6
041 ## - LANGUAGE CODE
Language code of text/sound track or separate title eng
082 ## - DEWEY DECIMAL CLASSIFICATION NUMBER
Item number 20074
100 ## - MAIN ENTRY--AUTHOR NAME
Personal name Das Maden mohan
245 ## - TITLE STATEMENT
Title Open Channel Flow
260 ## - PUBLICATION, DISTRIBUTION, ETC. (IMPRINT)
Name of publisher PHI
Year of publication 2015
300 ## - PHYSICAL DESCRIPTION
Number of Pages 341
650 ## - SUBJECT ADDED ENTRY--TOPICAL TERM
Topical Term Diploma Engineering
942 ## - ADDED ENTRY ELEMENTS (KOHA)
Koha item type Books
Holdings
Lost status Damaged status Collection code Home library Current library Shelving location Date acquired Cost, normal purchase price Full call number Accession Number Koha item type
    MANAGEMENT JRU Library JRU Library SHELF-71-B 30/06/2016 350.00 20074 20074 Books
    MANAGEMENT JRU Library JRU Library SHELF-71-B 30/06/2016 350.00 20074 20075 Books
    MANAGEMENT JRU Library JRU Library SHELF-71-B 30/06/2016 350.00 20074 20076 Books
    MANAGEMENT JRU Library JRU Library SHELF-71-B 30/06/2016 350.00 20074 20077 Books
    MANAGEMENT JRU Library JRU Library SHELF-71-B 30/06/2016 350.00 20074 20078 Books
    MANAGEMENT JRU Library JRU Library SHELF-71-B 30/06/2016 350.00 20074 20079 Books
    MANAGEMENT JRU Library JRU Library SHELF-71-B 30/06/2016 350.00 20074 20080 Books
    MANAGEMENT JRU Library JRU Library SHELF-71-B 30/06/2016 350.00 20074 20081 Books
    MANAGEMENT JRU Library JRU Library SHELF-71-B 30/06/2016 350.00 20074 20082 Books
    MANAGEMENT JRU Library JRU Library SHELF-71-B 30/06/2016 350.00 20074 20083 Books